Normal view
MARC view
- Akerley, Ben Edward
Entry Personal Name
001 - CONTROL NUMBER
- control field: 1691
003 - CONTROL NUMBER IDENTIFIER
- control field: OSt
005 - DATE AND TIME OF LATEST TRANSACTION
- control field: 20170505105939.0
008 - FIXED-LENGTH DATA ELEMENTS
- fixed length control field: 170505|| aca||aabn | a|a d
040 ## - CATALOGING SOURCE
- Original cataloging agency: OSt
- Transcribing agency: OSt
100 ## - HEADING--PERSONAL NAME
- Personal name: Akerley, Ben Edward
670 ## - SOURCE DATA FOUND
- Source citation: Work cat.: (OSt)0: Akerley, Ben Edward, The x-rated Bible :, 1993

PORTAL AKMAL
E-MEL JKDM
AKMAL2U
G-BAM
u-PUSTAKA